Statistiken für Geographie nach Buchstaben - C

Klicken Sie hier um das Quiz zu spielen!

Allgemein

  • Dieses Quiz wurde 217 mal gespielt
  • Das Durchschnittsergebnis liegt bei 9 aus 15

Antwortstatistiken

HinweisAntwort% Korrekt
Eine asiatische VolksrepublikChina
88%
Hauptstadt von WalesCardiff
87%
Früher Karl-Marx-StadtChemnitz
87%
Stadt an der Riviera mit einem berühmten FilmfestivalCannes
82%
Land mit der trockensten Wüste, AtacamaChile
80%
Barack Obamas HeimatstadtChicago
74%
Fluss, der durch den Grand Canyon fließtColorado
69%
Französische Stadt, die Großbritannien am nächsten liegtCalais
62%
Sri Lankas größte StadtColombo
48%
Bevölkerungsreichster indianischer StammCherokee
45%
Urlaubsstadt auf der Halbinsel YucatanCancún
39%
Hauptstadt von SardinienCagliari
38%
Kanadische Stadt mit berühmtem RodeoCalgary
38%
Das weiße Haus, eine afrikanische Stadt (abgebildet)Casablanca
29%
Louisianische ethnische Gruppe der akadischen FranzosenCajun
15%

Verteilung der Resultate

Perzentil nach korrekt beantworteten Fragen

Anzahl Personen mit jedem Resultat

Ihre Resultats-Entwicklung

Sie haben dieses Quiz noch nicht gespielt